00513nam a2200133Ia 4500008004100000024006000041082001900101100009700120245005900217260002600276600002700302650003300329999001700362260210s9999 xx 000 0 und d a12B-001-EL, 12B-029-EL, 12B-036-EL & 12B-037-EL a670.427072 MUH aMuhammad Furqan Abbasi, Syed Muhammad Suleman, Muhammad Mohsin Khan & Sheikh Ahad Khalil 0aTwo Wheeled Self Balancing Robot with Variable Weights aKarachi:bUITU,c2012 aElectronic Engineering aBachelor of Engineering (BE) c33194d33194